00668 2200181 4500001002100000005001700021008004100038035002400079090001500103100002300118245013700141260010700278500002900385650001700414700002900431850001100460999001500471YOGYA-0209000004876120090227032114.0 ind  0010-020900000048761 a808bPan L aPANGURABAAN, Sutan aLilian Lolosanbrenungan bagi orangtua nasihat bagi para remajacoleh Sutan Pangurabaan ; diterjemahkan oleh Aisyah Ibrahim Batubara aJakartabDepartemen Pendidikan dan Kebudayaan Proyek Penerbitan Buku Sastra Indonesia dan Daerahc1987 ayang diterima : Bagian 1 aKasusastraan aBATUBARA, Aisyah Ibrahim aYOPDIY a04A0000700